| 000 | 00451nam a2200193Ia 4500 | ||
|---|---|---|---|
| 005 | 20250423095416.0 | ||
| 008 | 250422s9999 xx 000 0 und d | ||
| 020 | _a9781259061998 | ||
| 050 | _aHF 5415 .F34/ | ||
| 100 | _aFahy, John | ||
| 245 | 0 | _aFoundations of marketing | |
| 250 | _a4th ed. | ||
| 260 | _aIndia | ||
| 260 | _bTata McGraw Hill Eduction Private | ||
| 260 | _c2012 | ||
| 300 | _a359 p | ||
| 650 | _aMarketing. | ||
| 942 | _cBK | ||
| 999 |
_c30186 _d30186 |
||